The sociolinguistics of identity(E-BOOK) (Record no. 193049)

000 -LEADER
fixed length control field 00605 a2200217 4500
003 - CONTROL NUMBER IDENTIFIER
control field Nust
005 - DATE AND TIME OF LATEST TRANSACTION
control field 20170207154049.0
020 ## - INTERNATIONAL STANDARD BOOK NUMBER
International Standard Book Number 0-8264-9064-6
020 ## - INTERNATIONAL STANDARD BOOK NUMBER
International Standard Book Number 978-1-84706-332-8 (hft.)
040 ## - CATALOGING SOURCE
Transcribing agency Nust
082 ## - DEWEY DECIMAL CLASSIFICATION NUMBER
Classification number 306.44
245 14 - TITLE STATEMENT
Title The sociolinguistics of identity(E-BOOK)
Statement of responsibility, etc. edited by Tope Omoniyi and Goodith White
260 ## - PUBLICATION, DISTRIBUTION, ETC.
Place of publication, distribution, etc. London :
Name of publisher, distributor, etc. Continuum,
Date of publication, distribution, etc. 2006
300 ## - PHYSICAL DESCRIPTION
Extent x, 239 s. :
Other physical details ill., kartor, tab.
440 #0 - SERIES STATEMENT/ADDED ENTRY--TITLE
Title Advances in sociolinguistics
650 #7 - SUBJECT ADDED ENTRY--TOPICAL TERM
Topical term or geographic name entry element Sociolinguistics
650 #7 - SUBJECT ADDED ENTRY--TOPICAL TERM
Topical term or geographic name entry element Spr嫳ociologi
651 ## - SUBJECT ADDED ENTRY--GEOGRAPHIC NAME
Geographic name E-BOOK
700 1# - ADDED ENTRY--PERSONAL NAME
Personal name Omoniyi, Tope
Relator code edt
700 1# - ADDED ENTRY--PERSONAL NAME
Personal name White, Goodith
Relator code edt
942 ## - ADDED ENTRY ELEMENTS (KOHA)
Source of classification or shelving scheme
Koha item type Book
Holdings
Withdrawn status Lost status Source of classification or shelving scheme Damaged status Not for loan Collection code Permanent Location Current Location Date acquired Total Checkouts Full call number Barcode Date last seen Price effective from Koha item type
            Military College of Signals (MCS) Military College of Signals (MCS) 12/12/2016   306.44 OMO MCSEB-2829 12/08/2016 12/12/2016 Book
© 2023 Central Library, National University of Sciences and Technology. All Rights Reserved.